Marcatori della Roma in UEFA Europa League 2009-2010 - Statistics

Statistiche generali
  • Questo quiz è stato fatto 8 volte
  • Il punteggio medio è 8 su 14
Statistiche sulle risposte
Partita Minuto Marcatore % Corretto
Roma - Basilea 2-1 32'' Francesco Totti
100%
Roma - Panathinaikos 2-3 67 Daniele De Rossi
88%
Roma - Basilea 2-1 59' Mirko Vučinić
63%
Panathinaikos - Roma 3-2 29 Mirko Vučinić
63%
Roma - CSKA Sofia 2-0 23' Simone Perrotta
63%
Panathinaikos - Roma 3-2 81 David Pizarro
50%
Roma - Fulham 2-1 69' John Arne Riise
50%
Roma - Panathinaikos 2-3 11 John Arne Riise
50%
Roma - CSKA Sofia 2-0 20' Stefano Okaka
50%
Roma - Fulham 2-1 76' Stefano Okaka
50%
CSKA Sofia - Roma 0-3 46' Alessio Cerci
38%
CSKA Sofia - Roma 0-3 52' Alessio Cerci
38%
Fulham - Roma 1-1 93' Marco Andreolli
38%
CSKA Sofia - Roma 0-3 89' Filippo Scardina
25%
Nessun quiz corrispondente trovato
Distribuzione punteggi
Percentuale di utenti per punteggio
Percentile per numero di risposta
I tuoi punteggi nel tempo
Non hai fatto questo quiz